| 000 | 01806nam0a2200385 4500 | ||
|---|---|---|---|
| 001 | RU\NLR\bibl\1335602 | ||
| 005 | 20260406074457.0 | ||
| 010 |
_a5-89368-880-1 _9100 |
||
| 021 |
_aRU _b2008-106640 _96288 |
||
| 035 | _a(nilc)EL/0000240713 | ||
| 035 | _aRU VLADIMIR\BIBL\0000135245 | ||
| 035 | _a(NLR Aleph) 001320803 | ||
| 090 |
_a738625 _c738625 |
||
| 100 | _a20090114d2008 |||y0rusy50 ca | ||
| 101 | 0 | _arus | |
| 102 | _aRU | ||
| 105 | _aa ||||||||| | ||
| 200 | 1 |
_aПродвижение на локальные рынки _eмонография _fЮ.Н. Лапыгин, С.Ю. Редькин, Р.В. Скуба _gФедер. агентство по образованию, Гос. образоват. учреждение высш. профес. образования Владим. гос. ун-т |
|
| 210 |
_aВладимир _cВлГУ _d2008 |
||
| 215 |
_a165 с. _cил. _d20 |
||
| 320 | _aБиблиогр.: с. 136-147 (144 назв.) и в подстроч. примеч. | ||
| 606 | 1 |
_aРынки потребительские _xРегиональный аспект _92321342 _3RU\NLR\auth\661388734 |
|
| 606 | 1 |
_aРозничная торговля _xМаркетинг _92197230 _3RU\NLR\auth\661320511 |
|
| 686 |
_a65.422.2-32 _vLBC/M _2rubbk |
||
| 686 | _aУ42(2)1-803.4 | ||
| 700 | 1 |
_4070 _8rus _7ca _aЛапыгин _bЮ. Н. _f1953- _gЮрий Николаевич _3RU\NLR\auth\7734827 _917828 |
|
| 701 | 1 |
_aРедькин _bС. Ю. _gСергей Юрьевич _4070 |
|
| 701 | 1 |
_aСкуба _bР. В. _gРоман Васильевич _4070 |
|
| 801 | 0 |
_aRU _bВладимирская ОУНБ _c20090114 _gRCR |
|
| 801 | 1 |
_aRU _bВладимирская ОУНБ _c20090114 _gRCR |
|
| 801 | 2 |
_aRU _bNLR _c20090303 _grcr |
|
| 942 | _cBOOK | ||
| 980 | _aNB | ||
| 980 | _aNBR | ||